| 000 | 00385 a2200157 4500 | ||
|---|---|---|---|
| 003 | OSt | ||
| 005 | 20180116182818.0 | ||
| 008 | 160817b xxu||||| |||| 00| 0 eng d | ||
| 040 | _c0 | ||
| 100 | _aHamdy A. Taha | ||
| 245 |
_aOperations Research An Introduciton. _cHamdy A.Taha |
||
| 250 | _a6th | ||
| 260 |
_aIslamabad _c1998 |
||
| 300 | _a916 | ||
| 942 |
_aNBS _cBK _k658.4034 TAH _2ddc |
||
| 999 |
_c346487 _d346487 |
||